000 00551nam a2200193Ia 4500
999 _c34641
_d34641
003 OSt
005 20200827111258.0
008 190216s9999||||xx |||||||||||||| ||und||
020 _a9788122432787
040 _coclc
082 _a530.13
_bLAU/F
100 _aLaud, B B
_94385
245 0 _aFundamentals Of Statistical Mechanics /
_cB B Laud
250 _a2nd Ed.
260 _bNew Age International Publishers,
_c2015.
_aNew Delhi:
300 _a275p
650 _aPhysics
942 _cBK
_2ddc
_h530.13
_iLAU/F
_k530.13
_mLAU/F